Responses for Show #7690 - Friday, February 2, 2018

Ryan Fenster game 5-A.

Contestants

[<< previous game]

Jenny Rhodes, a university literature instructor from New York, New York

Caitlin Silberman, an archivist from Madison, Wisconsin

Ryan Fenster, a banker from SeaTac, Washington (whose 4-day cash winnings total $90,198)

[next game >>]

Jeopardy! Round responses

WORLD CAPITALS ALPHABETICALLY
CAREER DAY
JOIN THE TV CLUB
STRINGING YOU ALONG
IMPEACHED, REMOVED OR JUST QUIT
A PROVERBIAL MESS
(Alex: You have to clean up our proverbial mess.)
    $200 24
(Alex: Less than a minute now.)
[ERRATUM: Cape Town is two words.]

Canberra

Jenny
    $200 11
Supreme Court justice

Caitlin
    $200 18
fairies

Ryan
    $200 9
apron strings

Ryan
    $200 5
the squeaky wheel gets the grease

Jenny
    $400 1
(Ryan: What is London?)

Edinburgh

Ryan
Triple Stumper
    $400 10
a sommelier

Jenny
    $400 19
700

Ryan
    $400 8
(Jenny: What is puppets?)
(Alex: Be more specific.)
(Jenny: Uh, [*].)

marionette puppets

Jenny
    $400 26
(Caitlin: Who is Clinton?)

(Andrew) Johnson

RyanCaitlin
    $400 6
don't bite the hand that feeds you

Jenny
    $1,000 2
(Ryan: What is Antwerp?)

Berlin

Ryan
    $600 12
midwife

Ryan
    $600 25
The Mickey Mouse Club

Caitlin
    $600 15
hamstrings

Jenny
    $600 7
faint heart never won fair lady

Ryan
    $800 3
AsunciĆ³n

Triple Stumper
    $800 13
an exterminator

Caitlin
    $800 21
The Little Rascals

Ryan
    $800 16
a mandolin

Jenny
    $800 27
the African National Congress (or the ANC)

Ryan
    $800 22
he who pays the piper calls the tune

Ryan
    $1000 4
Zagreb

Jenny
    $1000 14
a ferrier

Caitlin
    $1000 20
motorcycle club

Caitlin
    $1000 17
string cheese

Caitlin
    $1000 28
(Ryan: Oh. Oh, my...)
...
[The end-of-round signal sounds.]

Alberto Fujimori

Ryan
Triple Stumper
    $1000 23
(Ryan: If--what is if horses...)

if wishes were horses, beggars would ride

RyanJenny

Scores at the first commercial break (after clue 15):

Ryan Caitlin Jenny
$0 $2,000 $3,000

Scores at the end of the Jeopardy! Round:

Ryan Caitlin Jenny
$1,400 $4,200 $5,000

Double Jeopardy! Round responses

ROAMIN' CATHOLICS
WOMEN AUTHORS
"X" = Z
(Alex: Each response will begin with the letter "X", but it has a "Z" sound.)
BILLY
BUD
4 TOP MEN
    $400 1
(Caitlin: What is Canaan?)

Palestine

RyanCaitlin
    $400 8
Laura Ingalls Wilder

Jenny
    $400 29
[The end-of-round signal sounds.]

a xylophone

Ryan
    $400 17
Melville

Jenny
    $400 6
a rose

Ryan
    $400 18
The Doors

Jenny
    $2,000 2
(Ryan: What is Santiago de Compostela?)

Loyola

Ryan
    $800 9
(Alex: Peter Rabbit opens next week, by the way.)

Beatrix Potter

Caitlin
    $800 28
(Ryan: What's Xander?)

Xavier

Ryan
Triple Stumper
    $800 16
(Billy) Elliot

Caitlin
    $800 7
a cactus

Caitlin
    $800 19
Van Halen

Triple Stumper
    $1200 3
(Ryan: What is the Great [*]?)
[ERRATUM: "The Great Schism" was later ruled acceptable, resulting in Ryan's July 2018 return.]

schism

Ryan
Triple Stumper
    $1200 10
(Caitlin: Who is Cleary?)

Judy Blume

CaitlinJenny
    $1200 25
Xanax

Ryan
    $1200 13
the Air Force

Ryan
    $1200 23
broccoli

Ryan
    $1200 20
The Who

Jenny
    $1600 4
St. Christopher

Ryan
    $1600 11
Toni Morrison

Jenny
    $1600 27
xenon

Jenny
    $1600 14
(Ryan: Who is B.B. King?)

Duke Ellington

RyanJenny
    $1600 21
Queen

Jenny
    $2000 5
Mother Cabrini

Triple Stumper
    $2000 12
(Jenny: Who is Willa Cather?)

Kristin Hannah

Jenny
Triple Stumper
    $2000 26
Xanadu

Caitlin
    $2000 15
(Billy) Graham

Caitlin
    $2,000 24
(Alex: [Before Ryan wagers] Less than a minute now.)

a forget-me-not

Ryan
    $2000 22
Metallica

Triple Stumper

Scores at the end of the Double Jeopardy! Round:

Ryan Caitlin Jenny
$4,200 $9,000 $13,000

[wagering suggestions for these scores]

Final Jeopardy! Round responses

OFFICIAL STATE STUFF
(Alex: One of those songs from a famous Broadway musical.)
...
(Alex: [To Ryan] Richard Rodgers, "[*]!". Woody Guthrie, "[*] Hills". That's the state folk song.)
RyanWhat is Oklahoma
$4,200
CaitlinWhat is Colorado?
$599
JennyWhat is The State of New York?
$1,101
Oklahoma

Final scores:

Ryan Caitlin Jenny
$8,400 $8,401 $11,899
3rd place: $1,000 2nd place: $2,000 New champion: $11,899

Game dynamics:

Coryat scores:

Ryan Caitlin Jenny
$7,200 $9,000 $13,000
17 R
(including 1 DD),
8 W
(including 2 DDs)
11 R,
3 W
18 R,
1 W

Combined Coryat: $29,200

[game clues] [game scores] [suggest correction]

Game tape date: 2017-11-07
The J! Archive is created by fans, for fans. Scraping, republication, monetization, and malicious use prohibited; this site may use cookies and collect identifying information. See terms. The Jeopardy! game show and all elements thereof, including but not limited to copyright and trademark thereto, are the property of Jeopardy Productions, Inc. and are protected under law. This website is not affiliated with, sponsored by, or operated by Jeopardy Productions, Inc. Join the discussion at JBoard.tv.